000 00649nam a2200277Ia 4500
005 20260121124548.0
008 008 260114s9999 xx 000 0 eng d
020 _a9780812299892
037 _aEBOOK
040 _aCRL
040 _beng
040 _cCRL
041 _2eng
041 _aeng
084 _qCRL
100 _aHerold, Aaron L.
_9978093
245 4 _aThe Democratic Soul
260 _bWalter de Gruyter
260 _bWalter de Gruyter
260 _c2021
650 _aPhilosophy
_9978094
856 _uhttp://www.degruyter.com/isbn/9780812299892
942 _cEBOOK
999 _c1555515
_d1555515